[Event "AUTO-OPEN-698"]
[Site "http://www.queenalice.com/game.php?id=224823"]
[Date "2007.6.14"]
[Round "1"]
[White "KaspaBranca"]
[Black "Maverick2007"]
[Result "1-0"]
[WhiteElo "2251"]
[BlackElo "1486"]

1. d4 d5 2. Nc3 c5 3. Nf3 cxd4 4. Qxd4 Nc6 5. Qxd5 e6 6. Qxd8+ Nxd8 7. Nb5 Nc6
8. Nc7+ Kd7 9. Nxa8 Bd6 10. e4 Ke7 11. Bb5 Bd7 12. Be3 Nf6 13. Bxc6 Bxc6 14. e5
Ng4 15. exd6+ Kxd6 16. Rd1+ Ke7 17. Bc5+ Kf6 18. Nc7 g5 19. Bd4+ Kf5 20. Bxh8 h5
21. h4 Ke4 22. hxg5 Kf4 23. g6 fxg6 24. Rd4+ Kf5 25. Nh4+ Kg5 26. Bg7 Bxg2 27.
f4# 1-0

[Event "Challenge"]
[Site "http://www.queenalice.com/game.php?id=225183"]
[Date "2007.6.15"]
[Round "-"]
[White "hoffmann"]
[Black "Maverick2007"]
[Result "0-1"]
[WhiteElo "1192"]
[BlackElo "1451"]

1. b4 d5 2. Nc3 e6 3. Nf3 Nc6 4. e3 Bxb4 5. Ng5 Qxg5 6. Nb5 Ba5 7. Nxc7+ Bxc7 8.
Rb1 Nf6 9. c4 Qh5 10. Be2 Qg6 11. cxd5 Qxb1 12. dxc6 bxc6 13. Ba3 Qxd1+ 14. Bxd1
Rb8 15. O-O Ne4 0-1

[Event "AUTO-OPEN-736"]
[Site "http://www.queenalice.com/game.php?id=238380"]
[Date "2007.7.11"]
[Round "1"]
[White "grandemerda"]
[Black "Maverick2007"]
[Result "1-0"]
[WhiteElo "1455"]
[BlackElo "1413"]

1. d4 d5 2. c4 c5 3. cxd5 Qxd5 4. Nf3 Nf6 5. Nc3 Qd6 6. e3 cxd4 7. Nb5 Qb4+ 8.
Bd2 Qxb2 9. Nc7+ Kd7 10. Nxa8 e5 11. Nxe5+ 1-0

[Event "AUTO-OPEN-736"]
[Site "http://www.queenalice.com/game.php?id=238381"]
[Date "2007.7.11"]
[Round "1"]
[White "Maverick2007"]
[Black "grandemerda"]
[Result "0-1"]
[WhiteElo "1460"]
[BlackElo "1438"]

1. d4 d5 2. c4 c6 3. Nc3 Nf6 4. cxd5 cxd5 5. Nf3 Nc6 6. e3 a6 7. Be2 Bf5 8. O-O
e6 9. Ne5 Bd6 10. Bg4 Nxg4 11. h3 Ngxe5 12. Bd2 Nd3 0-1

[Event "AUTO-OPEN-736"]
[Site "http://www.queenalice.com/game.php?id=238404"]
[Date "2007.7.11"]
[Round "1"]
[White "Maverick2007"]
[Black "ray"]
[Result "0-1"]
[WhiteElo "1375"]
[BlackElo "1737"]

1. d4 c5 2. e3 cxd4 3. exd4 Nf6 4. Nf3 Nc6 5. Nc3 g6 6. Be3 Bg7 7. Be2 O-O 8.
O-O e6 9. Qd2 e5 10. dxe5 Ng4 11. h3 Nxe3 0-1

[Event "AUTO-OPEN-736"]
[Site "http://www.queenalice.com/game.php?id=238405"]
[Date "2007.7.11"]
[Round "1"]
[White "ray"]
[Black "Maverick2007"]
[Result "1-0"]
[WhiteElo "1735"]
[BlackElo "1378"]

1. c4 c5 2. Nc3 e6 3. g3 Nc6 4. Bg2 d5 5. cxd5 exd5 6. e3 Nf6 7. Nge2 Be7 8. O-O
O-O 9. d4 Bf5 10. Nb5 a6 11. Nbc3 Ng4 12. f3 1-0

[Event "AUTO-OPEN-736"]
[Site "http://www.queenalice.com/game.php?id=238406"]
[Date "2007.7.11"]
[Round "1"]
[White "Maverick2007"]
[Black "davidferrari"]
[Result "0-1"]
[WhiteElo "1327"]
[BlackElo "1336"]

1. d4 Nc6 2. c4 e5 3. e3 Bb4+ 4. Bd2 Qe7 5. Nf3 Nxd4 6. e4 Qc5 7. a3 Qa5 8. Bxb4
Qa6 9. Nxd4 d6 10. Nf3 c5 11. Bc3 Nf6 12. Nbd2 O-O 0-1

[Event "AUTO-OPEN-736"]
[Site "http://www.queenalice.com/game.php?id=238407"]
[Date "2007.7.11"]
[Round "1"]
[White "davidferrari"]
[Black "Maverick2007"]
[Result "1-0"]
[WhiteElo "1352"]
[BlackElo "1306"]

1. Nf3 d5 2. Nc3 c5 3. d4 Nc6 4. e3 cxd4 5. Nb5 dxe3 6. Bxe3 e5 7. Nxa7 Bb4+ 8.
c3 Nxa7 9. cxb4 e4 10. Nd4 Nf6 11. Qa4+ b5 12. Nxb5 Bd7 13. Nd6+ 1-0

[Event "AUTO-INT-525"]
[Site "http://www.queenalice.com/game.php?id=238505"]
[Date "2007.7.11"]
[Round "1"]
[White "lucianoso"]
[Black "Maverick2007"]
[Result "1-0"]
[WhiteElo "1561"]
[BlackElo "1376"]

1. e4 c5 2. Nf3 e6 3. Bc4 d5 4. exd5 exd5 5. Bb5+ Bd7 6. Nc3 Nf6 7. d4 a6 8.
Bxd7+ Nbxd7 9. Bg5 Be7 10. Bxf6 Bxf6 11. Nxd5 O-O 12. O-O Re8 13. dxc5 1-0

[Event "AUTO-INT-525"]
[Site "http://www.queenalice.com/game.php?id=238506"]
[Date "2007.7.11"]
[Round "1"]
[White "Maverick2007"]
[Black "lucianoso"]
[Result "0-1"]
[WhiteElo "1358"]
[BlackElo "1570"]

1. d4 Nc6 2. c4 e5 3. e3 Bb4+ 4. Bd2 Nf6 5. e4 Nxe4 6. Qe2 Nxd2 7. Nxd2 Nxd4 8.
Qxe5+ Ne6 9. Nf3 d6 10. Qb5+ Bd7 11. Qxb4 b6 12. Bd3 c5 0-1

[Event "AUTO-INT-525"]
[Site "http://www.queenalice.com/game.php?id=238519"]
[Date "2007.7.11"]
[Round "1"]
[White "Maverick2007"]
[Black "sandrolemos"]
[Result "0-1"]
[WhiteElo "1348"]
[BlackElo "1371"]

1. d4 d5 2. c4 Nc6 3. Nc3 e6 4. e4 Bb4 5. Bd2 Bd7 6. cxd5 exd5 7. exd5 Nxd4 8.
a3 Bc5 9. Be3 Qf6 10. b4 Nf5 11. Qd2 Bb6 12. Nf3 Ngh6 0-1

[Event "AUTO-INT-525"]
[Site "http://www.queenalice.com/game.php?id=238520"]
[Date "2007.7.11"]
[Round "1"]
[White "sandrolemos"]
[Black "Maverick2007"]
[Result "1-0"]
[WhiteElo "1355"]
[BlackElo "1372"]

1. e4 c5 2. d3 e6 3. Nf3 d5 4. d4 dxe4 5. Nfd2 e3 6. fxe3 Nc6 7. Nc3 cxd4 8.
exd4 Nxd4 9. Nde4 e5 10. Bg5 Be7 11. Qd2 h6 12. Bxe7 Qxe7 13. Bc4 1-0

[Event "AUTO-BEG-399"]
[Site "http://www.queenalice.com/game.php?id=783322"]
[Date "2010.5.31"]
[Round "1"]
[White "avian"]
[Black "Maverick2007"]
[Result "1-0"]
[WhiteElo "1164"]
[BlackElo "1299"]

1. d4 d5 2. c4 c6 3. Nc3 Nf6 4. Nf3 Bg4 5. e3 Nbd7 6. Bd3 e5 7. dxe5 Nxe5 8. Be2
Qa5 9. cxd5 Nxd5 10. Bd2 Nc4 11. Bxc4 Nb6 12. Be2 Bb4 13. O-O O-O 14. h3 Be6 15.
a3 Bd6 16. Ne4 Qd5 17. Nxd6 Qxd6 18. Bb4 Qxd1 19. Rfxd1 Rfe8 20. Nd4 Bd5 21. Bf3
Bxf3 22. Nxf3 Nd5 23. Bc5 b6 24. Bd6 Rad8 25. Bg3 f5 26. Bh4 Rd6 27. Nd4 Rf8 28.
Nxc6 a5 29. Be7 Nxe7 30. Nxe7+ Kf7 31. Rxd6 Kxe7 32. Rad1 b5 33. Rd7+ Kf6 34.
R1d6+ Kg5 35. f4+ Kh4 36. Rxg7 1-0

[Event "AUTO-BEG-399"]
[Site "http://www.queenalice.com/game.php?id=783323"]
[Date "2010.5.31"]
[Round "1"]
[White "Maverick2007"]
[Black "avian"]
[Result "0-1"]
[WhiteElo "1269"]
[BlackElo "1325"]

1. e4 e6 2. f4 d5 3. e5 c5 4. Nf3 Nc6 5. Nc3 Be7 6. g3 Nh6 7. Bh3 a6 8. d4 g6 9.
Be3 f5 10. Ng5 O-O 11. dxc5 Bxg5 12. fxg5 Nf7 13. O-O Nfxe5 14. Ne2 Nf7 15. Nf4
Nxg5 16. Bg2 Ne7 17. Nxe6 Bxe6 18. Bxg5 Qd7 19. Bh6 Rfe8 20. Qd4 Nc6 21. Qf6 Qf7
22. Qh4 Rac8 23. Rad1 Ne5 24. b4 Nc4 25. Rde1 Nd2 26. Bxd2 d4 27. Bxb7 Qxb7 28.
Qxd4 Rcd8 29. Qf6 Rxd2 30. Rf2 Rxf2 31. Kxf2 Qf7 32. Qxf7+ Kxf7 33. a4 Bc8 34.
Rxe8 Kxe8 35. b5 axb5 36. axb5 Kd7 37. Ke3 Kc7 38. Kd4 Bd7 39. b6+ Kb7 40. Kd5
Bc6+ 41. Kd6 Be4 42. c3 g5 43. Ke6 f4 0-1

[Event "AUTO-BEG-399"]
[Site "http://www.queenalice.com/game.php?id=783334"]
[Date "2010.5.31"]
[Round "1"]
[White "I_BOSS_BO"]
[Black "Maverick2007"]
[Result "0-1"]
[WhiteElo "1403"]
[BlackElo "1275"]

1. Nc3 e6 2. e3 d5 3. d4 c5 4. f4 cxd4 5. exd4 Nc6 6. g3 Nf6 7. Nf3 Ne4 8. h4
Nxc3 9. bxc3 Qa5 10. Ne5 Qxc3+ 11. Bd2 Qxg3+ 12. Ke2 Nxd4# 0-1

[Event "AUTO-BEG-399"]
[Site "http://www.queenalice.com/game.php?id=783335"]
[Date "2010.5.31"]
[Round "1"]
[White "Maverick2007"]
[Black "I_BOSS_BO"]
[Result "1-0"]
[WhiteElo "1255"]
[BlackElo "1278"]

1. e4 Nc6 2. f4 e5 3. Nf3 d6 4. Bc4 Qd7 5. fxe5 Nxe5 6. Qe2 b5 7. Bxb5 c6 8. Bc4
Qg4 9. O-O d5 10. exd5 Bd6 11. dxc6 Be6 12. Bxe6 fxe6 13. Qa6 Ne7 14. Nxe5 Bxe5
15. Qb7 Bd4+ 16. Kh1 Rd8 17. c7 1-0

[Event "AUTO-BEG-399"]
[Site "http://www.queenalice.com/game.php?id=783340"]
[Date "2010.5.31"]
[Round "1"]
[White "cruiseymorph"]
[Black "Maverick2007"]
[Result "0-1"]
[WhiteElo "1690"]
[BlackElo "1270"]

1. e4 e6 2. d4 d5 3. e5 Bd7 4. f4 c5 5. Nf3 a6 6. b3 Bb5 7. c4 dxc4 8. bxc4 Qa5+
9. Bd2 Ba4 10. Qe2 Qb6 11. Nc3 cxd4 12. Nxa4 Qd8 13. Qe4 Nc6 14. Rb1 Qc7 15. Bd3
O-O-O 16. O-O Be7 17. Qe1 f5 18. exf6 gxf6 19. Be4 f5 20. Ba5 Nxa5 21. Nb6+ Kb8
22. Ne5 d3 23. Qxa5 fxe4 24. Nbd7+ Kc8 25. Nb6+ Kb8 26. Nbd7+ Kc8 27. Qxc7+ Kxc7
28. Kf2 Bd6 29. c5 Bxe5 30. Nxe5 Nf6 31. Nf7 e3+ 32. Kxe3 Ng4+ 33. Kd2 Nxh2 34.
Rh1 Ng4 35. Rh4 Nf2 36. Nxd8 Rxd8 37. Rxh7+ Kc6 38. Rbxb7 Ne4+ 39. Ke3 Nxc5 40.
Rb2 Kd5 41. g4 Kc4 42. Rh1 Kc3 43. Rd2 Kc4 44. Rc1+ Kb4 0-1

[Event "AUTO-BEG-399"]
[Site "http://www.queenalice.com/game.php?id=783341"]
[Date "2010.5.31"]
[Round "1"]
[White "Maverick2007"]
[Black "cruiseymorph"]
[Result "0-1"]
[WhiteElo "1272"]
[BlackElo "1783"]

1. e4 e5 2. f4 exf4 3. Nf3 Be7 4. d4 Bh4+ 5. Ke2 d6 6. Bxf4 Bg4 7. c4 f6 8. g3
Bg5 9. h3 Bxf3+ 10. Kxf3 Bxf4 11. gxf4 Ne7 12. e5 O-O 13. exd6 Qxd6 14. Nc3 Ng6
15. Nd5 c6 16. c5 Qxd5+ 17. Kf2 Qxh1 18. Bc4+ Qd5 19. Bxd5+ cxd5 20. f5 Ne7 21.
Qh5 Nbc6 22. Re1 b6 23. cxb6 axb6 24. a3 Ra4 25. Qd1 Rxd4 26. Rxe7 Rxd1 27. Re6
Ne5 28. Rxb6 Rd2+ 29. Ke3 Rxb2 30. Rxb2 Nc4+ 31. Kd4 Nxb2 32. Kxd5 Re8 33. Kd6
Nc4+ 34. Kc5 Nxa3 35. Kd6 Re5 36. Kc6 Rxf5 0-1

[Event "Challenge"]
[Site "http://www.queenalice.com/game.php?id=796878"]
[Date "2010.6.30"]
[Round "-"]
[White "rodriw02"]
[Black "Maverick2007"]
[Result "1-0"]
[WhiteElo "1508"]
[BlackElo "1276"]

1. e4 e5 2. Qh5 Nf6 3. Qxe5+ Be7 4. Bc4 O-O 5. Nf3 Nc6 6. Qf4 d5 7. exd5 Nxd5 8.
Qe4 Nf6 9. Ng5 Nxe4 10. Nxe4 Qd4 11. Bd3 Ne5 12. f4 Nxd3+ 13. cxd3 Qxd3 14. Nf2
Qd5 15. O-O Bf5 16. Nc3 Bc5 17. Nxd5 c6 18. Nc7 Rad8 19. a3 Bd6 20. g4 Bxc7 21.
gxf5 Bxf4 22. b4 f6 23. Nd3 1-0

[Event "Challenge"]
[Site "http://www.queenalice.com/game.php?id=841653"]
[Date "2010.10.4"]
[Round "-"]
[White "NeeneNY"]
[Black "Maverick2007"]
[Result "1-0"]
[WhiteElo "1267"]
[BlackElo "1300"]

1. d4 d5 2. Nc3 c5 3. dxc5 Nc6 4. Nxd5 e5 5. b4 Be6 6. c4 Nxb4 7. Nxb4 Qxd1+ 8.
Kxd1 O-O-O+ 9. Nd3 Bxc5 10. Nf3 Bxc4 11. Nd2 Bd4 12. Nb2 1-0

[Event "Challenge"]
[Site "http://www.queenalice.com/game.php?id=842705"]
[Date "2010.10.7"]
[Round "-"]
[White "Maverick2007"]
[Black "Sampaio"]
[Result "0-1"]
[WhiteElo "1283"]
[BlackElo "1648"]

1. e4 e5 2. f4 exf4 3. Nf3 Nc6 4. d4 d5 5. exd5 Qxd5 6. Nc3 Qe6+ 7. Qe2 Qxe2+ 8.
Bxe2 Nf6 9. Bxf4 Bb4 10. O-O O-O 11. Bxc7 Re8 0-1